<?xml version="1.0" encoding="UTF-8"?>
<collection xmlns="http://www.loc.gov/MARC21/slim">
  <record>
    <leader>00000nam  2200000   4500</leader>
    <controlfield tag="001">INLIS000000000020546</controlfield>
    <controlfield tag="005">20250710031739</controlfield>
    <datafield tag="035" ind1="#" ind2="#">
      <subfield code="a">0010-0725000076</subfield>
    </datafield>
    <controlfield tag="007">ta</controlfield>
    <controlfield tag="008">250710################|##########|#|##</controlfield>
    <datafield tag="084" ind1="#" ind2="#">
      <subfield code="a">R 168 PKN II 2023</subfield>
    </datafield>
    <datafield tag="100" ind1=" " ind2="#">
      <subfield code="a">Untung Maha Gunadi</subfield>
    </datafield>
    <datafield tag="245" ind1="1" ind2="#">
      <subfield code="a">Optimalisasi Tugas Preventif Komisi Yudisial Melalui Strategi Peningkatan Layanan Biro Rekrutmen, Advokasi dan Peningkatan Kapasitas Hakim /</subfield>
      <subfield code="c">Untung Maha Gunadi</subfield>
    </datafield>
    <datafield tag="260" ind1="#" ind2="#">
      <subfield code="a">Jakarta :</subfield>
      <subfield code="b">Pusbangkom Pimnas dan Manajerial ASN,</subfield>
      <subfield code="c">2023</subfield>
    </datafield>
    <datafield tag="300" ind1="#" ind2="#">
      <subfield code="a">44 hlm. ;</subfield>
      <subfield code="c">30 cm</subfield>
    </datafield>
    <datafield tag="650" ind1="#" ind2="4">
      <subfield code="a">Strategi Peningkatan Layanan</subfield>
    </datafield>
    <datafield tag="520" ind1="#" ind2="#">
      <subfield code="a">Maksud terobosan dan inovasi yang coba untuk dibuat oleh Biro Rekrutmrn, Advokasi, dan Peningkatan Kapasitas Hakim adalah tersedianya payung hukum yang mengatur prosedur layanan yang integrasi tersebut sehingga membuat penerima layanan dengan mudah mengetahui prosedur layanan tugas pencegahan Komisi Yudisial, tersedianya informasi  prosedur layanan tugas-tugas pencegahan Komisi Yudisial yang integrasi, bukti wujud transparansi layanan tugas-tugas pencegahan Komisi Yudisial kepada masyarakat pada umumnya, memberikan kemudahan dan kenyamanan bagi penerima layanan di dalam mengakses layanan tugas-tugas pencegahan Komisi Yudisial</subfield>
    </datafield>
    <datafield tag="990" ind1="#" ind2="#">
      <subfield code="a">2407168</subfield>
    </datafield>
  </record>
</collection>
